| 000 | 00407nam a22001217a 4500 | ||
|---|---|---|---|
| 082 | _a220 pro | ||
| 100 |
_aNC Syed Ali Haider Rizvi GC Usama Nasar NC Talmeez Ur Rehman _973092 |
||
| 245 | _aPR-SOF-1940-Design and Vibration Control of Communication Tower | ||
| 260 |
_aISLAMABAD _bNUST COLLEGE OF EME _c2020 |
||
| 650 | _aDE-COMP-38 | ||
| 700 |
_aProject Supervisor Dr. Naveed Akmal Din _973093 |
||
| 942 | _cCR | ||
| 999 |
_c578962 _d578962 |
||